[Event "Pan American-ch School U17 12th"]
[Site "Callao"]
[Date "2023.10.16"]
[Round "1"]
[White "Alvarez Serpa, Diego Sebastian"]
[Black "Huallpa Fernandez, Hector Manuel"]
[Result "0-1"]
[WhiteElo "1067"]
[BlackElo "1643"]
[PlyCount "56"]
[EventDate "2023.10.16"]
[EventType "swiss"]
[EventRounds "9"]
[EventCountry "PER"]
[SourceTitle "Mega2024 Update 01"]
[Source "Chessbase"]
[SourceDate "2023.11.12"]
[SourceVersion "1"]
[SourceVersionDate "2023.11.12"]
[SourceQuality "1"]

1. d4 Nf6 2. Nf3 d5 3. e3 e6 4. Bd3 c5 5. c3 Bd6 6. 0-0 0-0 7. Nbd2 Nc6 8. Re1 b6 9. e4 dxe4 10. Nxe4 Be7 11. Nxf6+ Bxf6 12. dxc5 bxc5 13. Bf4 Bb7 14. Qe2 Ne7 15. Rad1 Qb6 16. Ne5 Rad8 17. Nc4 Qc6 18. f3 Ng6 19. Bxg6 hxg6 20. Na5 Qb6 21. Nxb7 Qxb7 22. Bd6 Be7 23. Bxe7 Qxe7 24. Qc4 Qg5 25. Qa4 Rd2 26. g4 Qh4 27. Qf4 Qf2+ 28. Kh1 Qg2# 0-1